| 000 | 00663nam a2200217 u 4500 | ||
|---|---|---|---|
| 005 | 20240228064315.0 | ||
| 008 | 171012s2007 ea r 000 0 spa d | ||
| 020 | _a1404272100 | ||
| 035 | _aUPN01000220918 | ||
| 049 | _aI | ||
| 050 | 4 |
_aPZ7 _bF5.72 |
|
| 100 | 1 |
_aFigorito, Marcus _941032 |
|
| 245 | 1 | 0 |
_aTara viaja en tren / _cMarcus Figorito ; tr. José María Obregón. |
| 260 |
_aNew York : _bRosen Classroom Books & Materials, _cc2007. |
||
| 300 |
_a16 p. : _bil. col. |
||
| 440 | 0 | _aLecturas del barrio | |
| 650 | 4 |
_aLibros y lectura para niños _92290 |
|
| 650 | 7 |
_aLibros ilustrados para niños _2 _921365 |
|
| 905 | _aInfantil | ||
| 999 |
_c193017 _d193017 |
||